000 00829nam a2200217 a 4500
001 000024686
005 20200930023317.0
008 110202s1972 mx a r 000 0 spa d
040 _aDO-SdBNP
_bspa
_cBNPHU
041 1 7 _aspa
_heng
_2Código de idiomas MARC
082 _ann*
_bnn*
100 1 _aKemp, Jerrold E.
_950618
240 1 0 _aInstructional design.
_lEspañol
245 1 0 _aPlaneamiento didactico :
_bplan de desarrollo para unidades y cursos /
_cJerrold E. Kemp ; traducción Andrés M. Mateo.
260 _aMéxico, D. F. :
_bCentro Regional de Ayuda Técnica. Agencia para el Desarrollo Internacional ;
_bDiana,
_c1972.
300 _a175 p. :
_bil. ;
_c21 cm.
534 _aTítulo original :
_tInstructional design
504 _aBibliografía : 171-175 p.
700 1 _aMateo, Andrés M.,
_etr.
_950619
049 _aBNGR
999 _c24179
_d24179